000 002560000a22001330004500
005 20120302060644.0
942 _cBOOK
245 _a Geet Panchadashi
300 _a96p.
040 _aMAR
650 _aSaahitya
650 _aGeet
650 _aPanchadashi
999 _c351793
_d351790